Le voyageur de la jeunesse dans les cinq parties du monde / (Record no. 110650)

MARC details
000 -LEADER
campo de control de longitud fija 00599nam a2200181 i 4500
001 - NÚMERO DE CONTROL
campo de control 110650
003 - IDENTIFICADOR DE NÚMERO DE CONTROL
campo de control ES-MaACL
005 - FECHA Y HORA DE LA ÚLTIMA TRANSACCIÓN
campo de control 20250822063156.0
007 - CAMPO FIJO DE DESCRIPCIÓN FÍSICA--INFORMACIÓN GENERAL
campo de control de longitud fija t|
008 - DATOS DE LONGITUD FIJA--INFORMACIÓN GENERAL
campo de control de longitud fija 070207s1850 fr ||||1| fre d
100 1# - ENTRADA PRINCIPAL--NOMBRE DE PERSONA
Nombre de persona Champagnac, Jean-Baptiste-Joseph,
Fechas asociadas al nombre 1798-1858
9 (RLIN) 37908
245 13 - MENCIÓN DEL TÍTULO
Título Le voyageur de la jeunesse dans les cinq parties du monde /
Mención de responsabilidad, etc. par Champagnac et Olivier.
260 ## - PUBLICACIÓN, DISTRIBUCIÓN, ETC.
Lugar de publicación, distribución, etc. Paris :
Nombre del editor, distribuidor, etc. Belin-Leprieur et Morizot,
Fecha de publicación, distribución, etc. [1850?]
300 ## - DESCRIPCIÓN FÍSICA
Extensión XI, 644 p. :
Otras características físicas il. ;
Dimensiones 24 cm.
700 1# - ENTRADA AGREGADA--NOMBRE PERSONAL
Nombre de persona Olivier, Jean de Dieu d'.
9 (RLIN) 130634
852 ## - LOCALIZACIÓN
Ubicación ES-MaACL
Número de control de estantería C-1514
Holdings
Estatus retirado Estado de pérdida Estado de daño No para préstamo Colección Biblioteca de origen Biblioteca actual Ubicación en estantería Fecha de adquisición Fuente de adquisición Total de préstamos Signatura topográfica completa Código de barras Visto por última vez Precio de reemplazo Tipo de ítem Koha
        Libros del s. XIX Biblioteca del Ateneo de Madrid Biblioteca del Ateneo de Madrid Sala Palomar 17/01/2008     C-1514 1115444 23/02/2023 23/02/2023 Libro impreso antiguo